[Event "AUTO-ELITE-2609"]
[Site "http://www.queenalice.com/game.php?id=1868862"]
[Date "2026.2.3"]
[Round "1"]
[White "Sexxy_Bunny"]
[Black "JailtonMaster"]
[Result "1-0"]
[WhiteElo "2683"]
[BlackElo "2205"]

1. e4 e5 2. Nf3 Nc6 3. Bb5 a6 4. Ba4 Nf6 5. O-O Be7 6. Re1 b5 7. Bb3 O-O 8. c3
d5 9. exd5 Nxd5 10. Nxe5 Nxe5 11. Rxe5 c6 12. d4 Bd6 13. Re1 Qh4 14. g3 Qh3 15.
Be3 Bg4 16. Qd3 Rae8 17. Nd2 Re6 18. a4 Qh5 19. axb5 axb5 20. Nf1 Rg6 21. Bc1 f5
22. f4 Bf3 23. Re3 Be4 24. Qe2 Qh3 25. Rxe4 fxe4 26. Qxe4 Re6 27. Bxd5 cxd5 28.
Qxd5 Kh8 29. Be3 Rfe8 30. Ra8 Qh6 31. f5 Rxe3 32. Qc6 Bb8 33. Qxh6 Rxg3+ 34.
Nxg3 gxh6 35. Kg2 Kg7 36. Kf3 Kf6 37. Ra6+ Kg5 38. Ne4+ 1-0

[Event "AUTO-ELITE-2609"]
[Site "http://www.queenalice.com/game.php?id=1868863"]
[Date "2026.2.3"]
[Round "1"]
[White "JailtonMaster"]
[Black "Sexxy_Bunny"]
[Result "0-1"]
[WhiteElo "2218"]
[BlackElo "2674"]

1. d4 Nf6 2. c4 e6 3. Nc3 Bb4 4. a3 Bxc3+ 5. bxc3 c5 6. Nf3 O-O 7. Bg5 h6 8. Bh4
Qa5 9. Qc2 Ne4 10. Rc1 d5 11. cxd5 exd5 12. dxc5 Qxa3 13. e3 g5 14. Bg3 Bf5 15.
Nd4 Nxg3 16. Nxf5 Nxf5 17. Rb1 Nh4 18. Rxb7 Nc6 19. Bd3 Nxg2+ 20. Ke2 Rab8 21.
Rhb1 Rxb7 22. Rxb7 Qxc5 23. Bg6 Ne5 24. Bd3 Nh4 25. Rb5 Qc8 26. Rxd5 Qg4+ 27.
Kd2 Nhf3+ 28. Kc1 Qg1+ 29. Kb2 Rb8+ 30. Ka2 Nxd3 31. Rxd3 Qg4 32. Qd1 Qc4+ 0-1

[Event "AUTO-ELITE-2610"]
[Site "http://www.queenalice.com/game.php?id=1869131"]
[Date "2026.2.11"]
[Round "1"]
[White "Sexxy_Bunny"]
[Black "JailtonMaster"]
[Result "1-0"]
[WhiteElo "2681"]
[BlackElo "2215"]

1. e4 e5 2. Nf3 Nc6 3. Bb5 a6 4. Ba4 Nf6 5. O-O Be7 6. Re1 b5 7. Bb3 O-O 8. c3
d5 9. exd5 Nxd5 10. Nxe5 Nxe5 11. Rxe5 c6 12. d4 Bd6 13. Re1 Qh4 14. g3 Qh3 15.
Be3 Bg4 16. Qd3 Rae8 17. Nd2 Re6 18. a4 f5 19. axb5 axb5 20. Qf1 Qh5 21. f4 Rfe8
22. Bxd5 cxd5 23. Qxb5 Rxe3 24. Rxe3 Rxe3 25. Qxd5+ Qf7 26. Qxd6 h6 27. Qc6 Qe7
28. Qc5 Re1+ 29. Rxe1 Qxe1+ 30. Nf1 Bh3 31. Qc4+ Kh7 32. Qd3 Kg6 33. g4 Bxg4 34.
Qg3 Qxg3+ 35. hxg3 Kf6 36. Kf2 Bd1 37. b4 Ke6 38. d5+ Kd6 39. Ne3 Bg4 40. c4 g5
41. fxg5 hxg5 42. Nxg4 1-0

[Event "AUTO-ELITE-2610"]
[Site "http://www.queenalice.com/game.php?id=1869132"]
[Date "2026.2.11"]
[Round "1"]
[White "JailtonMaster"]
[Black "Sexxy_Bunny"]
[Result "0-1"]
[WhiteElo "2205"]
[BlackElo "2675"]

1. d4 Nf6 2. c4 e6 3. Nc3 Bb4 4. a3 Bxc3+ 5. bxc3 c5 6. Bg5 Qa5 7. Qc2 cxd4 8.
Bxf6 gxf6 9. Kd2 b6 10. Nf3 Nc6 11. e3 dxe3+ 12. fxe3 Bb7 13. Bd3 Ne5 14. Nxe5
Qxe5 15. Kc1 Rg8 16. e4 Rxg2 17. Qxg2 Qxc3+ 18. Kb1 Qxd3+ 19. Kb2 Qd4+ 20. Kb3
Qd3+ 21. Kb2 Qd4+ 22. Kb3 Bxe4 23. Qg3 b5 24. Rhc1 bxc4+ 25. Kb4 a5+ 0-1

[Event "AUTO-ELITE-2610"]
[Site "http://www.queenalice.com/game.php?id=1869133"]
[Date "2026.2.11"]
[Round "1"]
[White "Sexxy_Bunny"]
[Black "raulzampronha"]
[Result "1-0"]
[WhiteElo "2673"]
[BlackElo "2292"]

1. e4 d6 2. d4 Nf6 3. Nc3 g6 4. f4 Bg7 5. Nf3 O-O 6. Bd3 Na6 7. O-O c5 8. d5 Nc7
9. a4 a6 10. Qe1 Rb8 11. a5 b5 12. axb6 Rxb6 13. Kh1 Bd7 14. b3 Bb5 15. Nxb5
axb5 16. Bd2 b4 17. f5 gxf5 18. Qh4 fxe4 19. Ng5 Ncxd5 20. Nxe4 Re8 21. Bh6 1-0

[Event "AUTO-ELITE-2610"]
[Site "http://www.queenalice.com/game.php?id=1869134"]
[Date "2026.2.11"]
[Round "1"]
[White "raulzampronha"]
[Black "Sexxy_Bunny"]
[Result "0-1"]
[WhiteElo "2270"]
[BlackElo "2677"]

1. c4 e5 2. Nc3 Nf6 3. g3 Bb4 4. Bg2 O-O 5. Nf3 Nc6 6. O-O e4 7. Ng5 Bxc3 8.
bxc3 Re8 9. f3 e3 10. d3 d5 11. Qb3 Na5 12. Qa3 c6 13. cxd5 cxd5 14. f4 Nc6 15.
Nf3 Bg4 16. Rb1 Qd7 17. Qb2 b6 18. a4 Rac8 19. Qa2 Bh3 20. Ba3 h6 21. Bb4 Bxg2
22. Kxg2 Ng4 23. a5 Nf2 24. axb6 axb6 25. Qb3 g5 26. fxg5 hxg5 27. Nxg5 Re5 0-1

[Event "AUTO-ELITE-2611"]
[Site "http://www.queenalice.com/game.php?id=1869780"]
[Date "2026.2.25"]
[Round "1"]
[White "Sexxy_Bunny"]
[Black "trompmaster"]
[Result "1-0"]
[WhiteElo "2674"]
[BlackElo "2496"]

1. e4 d5 2. exd5 Nf6 3. d4 Bg4 4. f3 Bf5 5. c4 e6 6. dxe6 Nc6 7. exf7+ Kxf7 8.
Ne2 Nb4 9. Ng3 Nc2+ 10. Kf2 Nxd4 11. c5 Bxc5 12. Be3 Qd6 13. Bc4+ Be6 14. Bxe6+
Nxe6 15. Qxd6 Bxd6 16. Nc3 Rad8 17. Nge4 Be5 18. h4 Nxe4+ 19. Nxe4 b6 20. Rac1
c5 21. b3 h6 22. h5 Rhf8 23. Rcd1 Ke7 24. Rhe1 a5 25. Rxd8 Rxd8 26. g3 Kd7 27.
f4 Rf8 28. Nd2 Bf6 29. Nc4 b5 30. Rd1+ Kc7 31. Nd6 Kc6 32. Nf5 Rd8 33. Rxd8 Nxd8
34. Bd2 a4 35. bxa4 bxa4 36. Ne3 Kb5 37. Ke2 Nc6 38. g4 a3 39. Nc2 Bb2 40. Kd3
Nb4+ 41. Nxb4 cxb4 42. Kc2 Kc4 43. g5 hxg5 44. fxg5 Bd4 45. g6 Ba1 46. h6 gxh6
47. Bxh6 Bd4 48. g7 Bxg7 49. Bxg7 Kc5 50. Kb3 1-0

[Event "AUTO-ELITE-2611"]
[Site "http://www.queenalice.com/game.php?id=1869781"]
[Date "2026.2.25"]
[Round "1"]
[White "trompmaster"]
[Black "Sexxy_Bunny"]
[Result "1/2-1/2"]
[WhiteElo "2492"]
[BlackElo "2678"]

1. Nf3 d5 2. e3 Nf6 3. c4 e6 4. Nc3 c6 5. b3 Bd6 6. Bb2 O-O 7. Qc2 Nbd7 8. Rg1
e5 9. cxd5 cxd5 10. g4 d4 11. Nb5 Bb8 12. Rc1 a6 13. Nc7 Bxc7 14. Qxc7 Qxc7 15.
Rxc7 Nd5 16. Rc1 Re8 17. exd4 e4 18. Ne5 N7f6 19. Bc4 g5 20. h4 h6 21. hxg5 hxg5
22. d3 exd3 23. f3 Be6 24. Kd2 Nf4 25. Nxd3 Bxc4 26. Nxf4 Bd5 27. Nxd5 Nxd5 28.
Rh1 Rad8 29. Rh2 f6 30. Rch1 Nf4 31. Kc1 b5 32. d5 Nxd5 33. Bd4 Kf7 34. Rh7+ Kg8
35. R7h2 Rd6 36. Kb2 Nf4 37. Rh8+ Kf7 38. R8h7+ Kg8 39. Bc3 Rc6 40. Rh8+ Kf7 41.
R8h7+ Kg8 42. Rh8+ Kf7 43. R8h7+ Kg8 1/2-1/2

[Event "AUTO-ELITE-2611"]
[Site "http://www.queenalice.com/game.php?id=1869782"]
[Date "2026.2.25"]
[Round "1"]
[White "Sexxy_Bunny"]
[Black "JailtonMaster"]
[Result "1-0"]
[WhiteElo "2682"]
[BlackElo "2209"]

1. e4 e5 2. Nf3 Nc6 3. Bb5 a6 4. Ba4 b5 5. Bb3 Nf6 6. O-O Be7 7. Re1 O-O 8. c3
d5 9. exd5 Nxd5 10. Nxe5 Nxe5 11. Rxe5 c6 12. d4 Bd6 13. Re1 Qh4 14. g3 Qh3 15.
Be3 Bg4 16. Qd3 Rae8 17. Nd2 Re6 18. a4 Qh5 19. axb5 axb5 20. Nf1 Rfe8 21. Bd1
Nxe3 22. Rxe3 Bxd1 23. Qxd1 Qh3 24. Qf3 Rxe3 25. Nxe3 Qd7 26. Ra6 Rc8 27. Qg4
Qe8 28. Nf5 Bf8 29. Nh6+ Kh8 30. Nxf7+ Kg8 31. Ra7 g6 32. Ng5 Bg7 33. Kg2 Bf6
34. Ne4 1-0

[Event "AUTO-ELITE-2611"]
[Site "http://www.queenalice.com/game.php?id=1869783"]
[Date "2026.2.25"]
[Round "1"]
[White "JailtonMaster"]
[Black "Sexxy_Bunny"]
[Result "0-1"]
[WhiteElo "2204"]
[BlackElo "2676"]

1. d4 Nf6 2. c4 e6 3. Nc3 Bb4 4. Qc2 O-O 5. Nf3 c5 6. e3 d5 7. cxd5 exd5 8. a3
Bxc3+ 9. bxc3 b6 10. Bd3 Nc6 11. O-O c4 12. Be2 Bg4 13. h3 Bh5 14. g4 Bg6 15.
Qa4 Ne4 16. Qxc6 Nxc3 17. Bd1 Rc8 18. Qb7 Be4 19. Nd2 Bd3 20. Re1 Rc7 21. Qa6
Qh4 22. Kg2 Nxd1 23. Rxd1 f5 24. f3 fxg4 25. hxg4 Rxf3 26. Nxf3 Qxg4+ 27. Kf2
Rf7 28. Qc8+ Qxc8 0-1

[Event "AUTO-ELITE-2612"]
[Site "http://www.queenalice.com/game.php?id=1870059"]
[Date "2026.3.3"]
[Round "1"]
[White "Sexxy_Bunny"]
[Black "Cerberus"]
[Result "1/2-1/2"]
[WhiteElo "2675"]
[BlackElo "2708"]

1. e4 c6 2. d4 d5 3. e5 c5 4. dxc5 e6 5. a3 Bxc5 6. Nf3 Ne7 7. Bd3 Nbc6 8. O-O
Ng6 9. b4 Be7 10. Re1 f6 11. Bxg6+ hxg6 12. Qd3 O-O 13. Bb2 g5 14. h3 a5 15.
bxa5 f5 16. Nbd2 Bd7 17. c4 Rxa5 18. Nb3 dxc4 19. Qxc4 Rd5 20. Rad1 b5 21. Qc2
Rxd1 22. Rxd1 g4 23. Nfd4 Qb6 24. Nxf5 Rxf5 25. hxg4 Rxe5 26. Rxd7 Re1+ 27. Kh2
Qb8+ 28. g3 Qa8 29. f3 Ne5 30. Bxe5 Qxf3 31. Qc8+ Kh7 32. Qc2+ Kh8 33. Qc8+ Kh7
34. Qc2+ Kh8 35. Qc8+ Kh7 1/2-1/2